000 00729pam a2200265 4500
999 _c10005
_d10005
001 10005
003 BD-JhCC
005 20180404110648.0
008 730312s1973 nyua b 001 0 eng
020 _a0700224327
035 _a(BD-JhCC)10005
040 _aDLC
_cDLC
_dDLC
041 _aeng
050 0 0 _aTA357
_b.O47 1973
082 0 0 _a620.1/06
_bOLS 1964
100 1 _aOlson, Reuben M.
245 1 0 _aEssentials of engineering fluid mechanics
_c[by] Reuben M. Olson.
250 _a3d ed.
260 _aNew York,
_bIntext Educational Publishers
_c[1973]
300 _a404 p. :
_billus.
_c25 cm.
504 _aIncludes bibliographical references.
650 0 _aFluid mechanics.
942 _2ddc
_cREF